000 00294 a2200157 4500
001 174402
020 _a
040 _cMagnum
100 _aBaptista, Ivan
240 1 0 _aO saco
_lpor
245 1 0 _aO saco
362 0 _a1899
440 1 _aNova Fronteira
697 _aI/GERAL
942 _cBK
999 _c174402
_d174402